| 000 | 01922nam0a2200445 4500 | ||
|---|---|---|---|
| 001 | RU\NLR\bibl\572309 | ||
| 005 | 20250610133333.0 | ||
| 010 |
_a5-87562-118-4 _92500 |
||
| 035 | _a(NLR Aleph) 000564366 | ||
| 090 |
_a1552597 _c1552597 |
||
| 100 | _a20040830d2003 |||y0rusy50 ca | ||
| 101 | 0 |
_arus _aeng |
|
| 102 | _aRU | ||
| 105 | _a||||dm ||||| | ||
| 200 | 1 |
_aКраткая сибирская летопись (Кунгурская) _fРемизов Семен _g[Сост., предуведомление и примеч. К.Г. Леви, Н.В. Задониной |
|
| 205 | _aФакс. изд.] | ||
| 210 |
_aИркутск _cВремя странствий _d2003 |
||
| 215 |
_a184 с. _cил. _d16х24 _eприл. (23 с.; 21х24) |
||
| 300 | _aНа обл. и суперобл. авт. не указан | ||
| 300 | _aОписано по макету на обороте тит. л. На тит. л. ориг. изд. в вых. дан.: С.-Петербург, 1880 | ||
| 300 | _aНа 2-й с.: К 450-летию присоединения "Сиб. царства к Рос. державе" | ||
| 300 | _aТекст парал. на рус. и англ. яз. | ||
| 320 | _aУказ.: с. 180-183 | ||
| 605 |
_aКунгурская летопись _92358571 _3RU\NLR\auth\661408609 |
||
| 606 | 0 |
_aДревнерусская литература _yСибирь _91044028 _3RU\NLR\auth\66402521 |
|
| 686 |
_a30.17 _2rugasnti |
||
| 686 |
_a22.253 _2rubbk |
||
| 686 | _aШ5(2=Р)3-331.10 | ||
| 686 | _aШ5(2=Р)3-379 | ||
| 686 | _aТ3(2)461,012 | ||
| 686 | _aТ3(2Р5)4,012 | ||
| 700 | 1 |
_aРемизов _bС. _gСемен _4070 |
|
| 702 | 1 |
_aЛеви _bК. Г. _gКирилл Георгиевич _4570 |
|
| 801 | 0 |
_aRU _bRKP _c20040830 _gPSBO |
|
| 801 | 1 |
_aRU _bRKP _c20040830 |
|
| 801 | 2 |
_aRU _bNLR _c20050203 _grcr |
|
| 830 | _aСост. по кн. | ||
| 942 | _cBOOK | ||
| 980 | _aNB | ||